000 00701cam a22002411 4500
008
020 _a0273023365 (pbk. )
049 _aMAIN
090 0 _aJF1351 MAC
100 1 _aMacRae, Stuart.
245 1 0 _aPublic administration:
_ban introduction /
_cStuart MacRae and Douglas Pitt.
260 _aLondon :
_bPitman,
_c1980.
300 _a226 p. :
_bill. ;
_c23 cm.
500 _aIncludes index.
504 _aIncludes bibliographical references.
650 0 _aPublic administration.
700 1 _aPitt, Douglas.
907 _a.b10228408
_b01-02-07
_c31-01-07
003
005 20230123134346.0
040 _cNUST
942 _cBOOKS
_kJF1351 MAC
999 _c164526
_d164526